The 8051 Microcontroller and Embedded Systems (Record no. 5749)

MARC details
000 -LEADER
fixed length control field 00366nam a2200145Ia 4500
008 - FIXED-LENGTH DATA ELEMENTS--GENERAL INFORMATION
fixed length control field 191201s2012 xx 000 0 und d
082 ## - DEWEY DECIMAL CLASSIFICATION NUMBER
Classification number 004.16
Item number MAM
100 ## - MAIN ENTRY--PERSONAL NAME
Personal name MAZIDI, Muhammad Ali
245 #0 - TITLE STATEMENT
Title The 8051 Microcontroller and Embedded Systems
250 ## - EDITION STATEMENT
Edition statement Rep
260 ## - PUBLICATION, DISTRIBUTION, ETC. (IMPRINT)
Place of publication, distribution, etc New Delhi
Name of publisher, distributor, etc Pearson
Date of publication, distribution, etc 2012
300 ## - PHYSICAL DESCRIPTION
Extent 547
650 ## - SUBJECT ADDED ENTRY--TOPICAL TERM
Topical term or geographic name as entry element B.Tech(CSE)
942 ## - ADDED ENTRY ELEMENTS (KOHA)
Source of classification or shelving scheme Dewey Decimal Classification
Koha item type Text Books
Holdings
Withdrawn status Lost status Source of classification or shelving scheme Damaged status Not for loan Collection code Home library Current library Date acquired Source of acquisition Bill Number Total Checkouts Full call number Acc. no. / Barcode Date last seen Bill Date Koha item type Public note Cost, normal purchase price Date last borrowed
    Dewey Decimal Classification     B.Tech(CSE) PIET C-LIBRARY PIET C-LIBRARY 05/08/2017 Donated by Dr.Pooja Walia Donated by Dr.Pooja Walia   004.16 MAM 29630 04/12/2019 01/05/2017 Text Books Donated by Dr.Pooja Walia    
    Dewey Decimal Classification     B.Tech(CSE) PIET C-LIBRARY PIET C-LIBRARY 31/05/2013 IBH, New Delhi 2080   004.16 MAM 22594 04/12/2019 27/05/2013 Reference Books   575.00  
    Dewey Decimal Classification     B.Tech(CSE) PIET C-LIBRARY PIET C-LIBRARY 31/05/2013 IBH, New Delhi 2080   004.16 MAM 22595 04/12/2019 27/05/2013 Text Books   575.00  
    Dewey Decimal Classification     B.Tech(CSE) PIET C-LIBRARY PIET C-LIBRARY 31/05/2013 IBH, New Delhi 2080 1 004.16 MAM 22596 06/11/2020 27/05/2013 Text Books   575.00 15/01/2020
    Dewey Decimal Classification     B.Tech(CSE) PIET C-LIBRARY PIET C-LIBRARY 31/05/2013 IBH, New Delhi 2080   004.16 MAM 22597 04/12/2019 27/05/2013 Text Books   575.00  
    Dewey Decimal Classification     B.Tech(CSE) PIET C-LIBRARY PIET C-LIBRARY 31/05/2013 IBH, New Delhi 2080 2 004.16 MAM 22598 03/06/2024 27/05/2013 Text Books   575.00 17/05/2024

Design & Developed by: PIET Central Library
R70 Miles Stone Pattikalyana Samalkha Panipat 132102
mail ID :- [email protected], Phone No:- 0180-2569700 Ex.216